Course in Computer Networks (Record no. 11074)

MARC details
000 -LEADER
fixed length control field 00417nam a22001817a 4500
003 - CONTROL NUMBER IDENTIFIER
control field OSt
008 - FIXED-LENGTH DATA ELEMENTS--GENERAL INFORMATION
fixed length control field 220127b ||||| |||| 00| 0 eng d
020 ## - INTERNATIONAL STANDARD BOOK NUMBER
International Standard Book Number 9789350140321
082 ## - DEWEY DECIMAL CLASSIFICATION NUMBER
Classification number 004.6 SHC
100 ## - MAIN ENTRY--PERSONAL NAME
Personal name SHARMA,Sanjay
245 ## - TITLE STATEMENT
Title Course in Computer Networks
250 ## - EDITION STATEMENT
Edition statement 3rd Ed.
260 ## - PUBLICATION, DISTRIBUTION, ETC. (IMPRINT)
Place of publication, distribution, etc New Delhi
Name of publisher, distributor, etc Katson
Date of publication, distribution, etc 2019
300 ## - PHYSICAL DESCRIPTION
Extent 742
650 ## - SUBJECT ADDED ENTRY--TOPICAL TERM
Topical term or geographic name as entry element ECE
700 ## - ADDED ENTRY--PERSONAL NAME
Personal name SHARMA,Deeksha Ed.
942 ## - ADDED ENTRY ELEMENTS (KOHA)
Source of classification or shelving scheme Dewey Decimal Classification
Koha item type Text Books
Holdings
Withdrawn status Lost status Source of classification or shelving scheme Damaged status Not for loan Collection code Home library Current library Date acquired Source of acquisition Currency Cost, normal purchase price Bill Number Total Checkouts Full call number Acc. no. / Barcode Date last seen Date last borrowed Actual Cost, discounted price Bill Date Koha item type
    Dewey Decimal Classification     B.Tech(ECE) PIET C-LIBRARY PIET C-LIBRARY 06/01/2022 Kirti Praskshan IN Rupees 595.00 IN3247 1 004.6 SHC 33408 09/06/2025 03/06/2025 428.40 06/01/2022 Text Books
    Dewey Decimal Classification     B.Tech(ECE) PIET C-LIBRARY PIET C-LIBRARY 06/01/2022 Kirti Praskshan IN Rupees 595.00 IN3247 1 004.6 SHC 33409 09/06/2025 03/06/2025 428.40 06/01/2022 Text Books
    Dewey Decimal Classification     B.Tech(ECE) PIET C-LIBRARY PIET C-LIBRARY 06/01/2022 Kirti Praskshan IN Rupees 595.00 IN3247 3 004.6 SHC 33410 27/12/2025 24/12/2025 428.40 06/01/2022 Text Books
    Dewey Decimal Classification     B.Tech(ECE) PIET C-LIBRARY PIET C-LIBRARY 06/01/2022 Kirti Praskshan IN Rupees 595.00 IN3247 3 004.6 SHC 33411 23/12/2025 11/12/2025 428.40 06/01/2022 Text Books
    Dewey Decimal Classification     B.Tech(ECE) PIET C-LIBRARY PIET C-LIBRARY 06/01/2022 Kirti Praskshan IN Rupees 595.00 IN3247 3 004.6 SHC 33412 27/12/2025 24/12/2025 428.40 06/01/2022 Text Books

Design & Developed by: PIET Central Library
R70 Miles Stone Pattikalyana Samalkha Panipat 132102
mail ID :- [email protected], Phone No:- 0180-2569700 Ex.216